Normal view
MARC view
Entry Geographic Name
001 - CONTROL NUMBER
- control field: 31741
003 - CONTROL NUMBER IDENTIFIER
- control field: ARRUPE
005 - DATE AND TIME OF LATEST TRANSACTION
- control field: 20170531095249.0
008 - FIXED-LENGTH DATA ELEMENTS
- fixed length control field: 170531|| aca||aabn | a|a d
040 ## - CATALOGING SOURCE
- Original cataloging agency: ARRUPE
- Transcribing agency: ARRUPE
151 ## - HEADING--GEOGRAPHIC NAME
- Geographic name: Zimbabwe
- General subdivision: History
- Chronological subdivision: 1890-1965
- General subdivision: Sources.
670 ## - SOURCE DATA FOUND
- Source citation: Work cat.: (ARRUPE)20966: Sources and perspectives :, c1990.